000 01384nam a22002537a 4500
003 Uzh_bibl
008 260416b |||||||| |||| 00| 0 ukr d
020 _a978-966-8924-58-3
_c31.00
040 _bукр.
041 _2ukr
_aukr
080 _a94(477)
090 _a94(477)
_bД 69
100 _aДорошенко,Дмитро
245 _aЄвген Чикаленко.Його життя і громадська діяльність
_cпередмова проф. Любомира Белея
_hТекст
260 _a Ужгород
_bҐражда
_c2008
300 _a224 с.
_bіл.
_fВ опр.
490 _aСерія"Ucrainica: ad fontеs"
_vКн.1
520 _aНаукову серію Ucrainica: ad fontes відкриваємо маловідомою працею проф. Дмитра Дорошенка «Євген Чикаленко», що була написана славетним істориком до п’ятих роковин смерті великого українського громадського діяча, мецената, видавця й ученогоагронома та хлібороба-практика.
521 _aДля широкого кола читачів
546 _aукр.
650 _aНаукове видання
653 _aМеценат
_aВидавець
_aХлібороб
942 _2udc
_cBK
999 _c17352
_d17352